Normal view
MARC view
Entry Personal Name
001 - CONTROL NUMBER
- control field: 893
003 - CONTROL NUMBER IDENTIFIER
- control field: ARRUPE
005 - DATE AND TIME OF LATEST TRANSACTION
- control field: 20130924115128.0
008 - FIXED-LENGTH DATA ELEMENTS
- fixed length control field: 130924|| aca||aabn | a|a d
040 ## - CATALOGING SOURCE
- Original cataloging agency: ARRUPE
- Transcribing agency: ARRUPE
100 ## - HEADING--PERSONAL NAME
- Personal name: Wilson, Peter H.
- Fuller form of name: (Peter Hamish)
670 ## - SOURCE DATA FOUND
- Source citation: Work cat.: (ARRUPE)0: Wilson, Peter H. (Peter Hamish), The Holy Roman Empire, 1495-1806 /, 2011.